000 00598nam a2200217 i 4500
001 bg
100 1 _aCHAPMAN, Stephen J.
245 1 0 _aJava for engineers and scientists /
_cStephen J. Chapman.
260 _aUpper Saddle River :
_bPrentice Hall,
_c2000.
300 _aXIX, 572 s. :
_brys., wykr. ;
_c24 cm.
504 _aIndeks.
650 9 _aJava
020 _a0139195238
040 _cBPK
041 0 _aen
080 _a004.438Java
920 _a0-13-919523-8
942 _cKS
008 s pl f |000 0 pol
999 _c40044
_d40044
856 _uhttp://koha.tu.koszalin.pl/cgi-bin/koha/opac-detail.pl?biblionumber=40044
_yKatalog online BPK